Causas y consecuencias del mal drenaje de los suelos
Gespeichert in:
| Format: | Buch |
|---|---|
| Sprache: | Spanisch |
| Veröffentlicht: |
Chillán
Universidad de Concepción
1993
|
| Tags: |
Tag hinzufügen
Keine Tags, Fügen Sie den ersten Tag hinzu!
|
MARC
| LEADER | 00000nam a22000007a 4500 | ||
|---|---|---|---|
| 003 | CL-ChBUA | ||
| 005 | 20120815091657.0 | ||
| 008 | 100330s1993 cl ||||| |||| 000 ||spa | ||
| 040 | |a CL-ChBUA |c CL-ChBUA | ||
| 090 | |c 27285 |d 27285 | ||
| 245 | 1 | 0 | |a Causas y consecuencias del mal drenaje de los suelos |
| 260 | |a Chillán |b Universidad de Concepción |c 1993 | ||
| 650 | 4 | |2 RIEGO | |
| 942 | |c SBOL | ||
| 952 | |0 0 |1 0 |4 0 |7 0 |9 64142 |a UNACH |b UNACH |c Bol |d 2010-03-30 |i 1.044 |l 0 |o Bol. N° 226 |p 65277 |r 2012-08-08 00:00:00 |u 64142 |w 2012-08-08 |y SBOL |k Numero 1787 | ||
| 999 | |c 27285 |d 27285 | ||